| 000 | 00417nam a2200169Ia 4500 | ||
|---|---|---|---|
| 008 | 180424s9999 xx 000 0 und d | ||
| 084 | _a510.78 K132 | ||
| 100 | _a"Kelkar, S A" | ||
| 245 | 0 | _aSoftware Project Management | |
| 250 | _a\\200700ENGGPCX | ||
| 260 | _aPrentice Hall of India | ||
| 260 | _b2007 | ||
| 260 | _cNew Delhi | ||
| 300 | _a172p. | ||
| 500 | _aincludes index and biblioraphy | ||
| 942 | _cBK | ||
| 999 |
_c77476 _d77476 |
||